000 00759nam a2200217Ia 4500
003 GCL
008 140319s9999 xx 000 0 ara d
040 _aGCL /
_cGCL
082 0 4 _a811.008
_bق ج
100 1 _aالقرشى, ابوزيد محمد بن ابى ال
245 1 0 _aجمهرة اشعار العرب فى الجاهلية والاسلام /
_cالقرشى, ابوزيد محمد بن ابى ال
700 1 _aعلى محمد البجاوى
260 _a[S.N] :
_bدار نهضة مصر للطبع والنشر
490 _a
650 0 4 _aالشعر العربى
650 0 4 _aالعصر الجاهلى
650 0 4 _aالتاريخ الاسلامى
650 0 4 _aتاريخ ونقد
650 0 4 _aالمجموعات
942 _2ddc
_cBK
999 _c58868
_d58868